Financovanie podniku prostredníctvom nerozdeleného zisku

Uložené v:
Podrobná bibliografia
Hlavný autor: Staško, Martin, 1984-
Médium: Kapitola
Jazyk:Slovak
Predmet:
Tagy: Pridať tag
Žiadne tagy, Buďte prvý, kto otaguje tento záznam!

MARC

LEADER 00000naa$a2200000$$$4500
001 0281360
005 20240502074358.8
041 0 |a slo 
044 |a SK 
245 1 0 |a Financovanie podniku prostredníctvom nerozdeleného zisku  |c Martin Staško 
500 |a abstrakt 
610 2 0 |a financovanie podnikov 
610 2 0 |a zdroje finančné vlastné 
610 2 0 |a zisk 
610 2 0 |a výsledok hospodársky 
100 1 |a Staško, Martin, 1984-